Zariadenie pre seniorov v Humennom

Gespeichert in:
Bibliographische Detailangaben
1. Verfasser: Zeleňáková, Henrieta (Verfasst von)
Weitere Verfasser: Kašiarová, Anežka (Betreuung Doktorarbeit)
Format: Manuskript Buch
Sprache:Slowakisch
Veröffentlicht: 2025
Schlagworte:
Online-Zugang:http://is.stuba.sk/zp/portal_zp.pl?podrobnosti=168140
CRZP
Tags: Tag hinzufügen
Keine Tags, Fügen Sie das erste Tag hinzu!

MARC

LEADER 00000ntm a22000003a 4500
001 stuzp103798
003 SK-STU
005 20250801124203.1
007 ta
008 150427s2015----xo-----f-mn---000-0-slo-d
040 |a STU  |b slo 
041 0 |a slo 
100 1 |a Zeleňáková, Henrieta  |u 010310  |4 aut  |U SvF Stavebná fakulta  |T SvF Katedra architektúry  |X 115484  |U V181|V310  |Y 19  |7 115484 
242 0 1 |a Retirement home in Humenné  |y eng 
245 1 0 |a Zariadenie pre seniorov v Humennom 
260 |c 2025 
650 4 |a zariadenie pre seniorov  |2 slo 
650 4 |a Humenné  |2 slo 
650 4 |a drevostavba  |2 slo 
650 4 |a CLT panely  |2 slo 
650 4 |a Humenné  |2 eng 
650 4 |a senior care facility  |2 eng 
650 4 |a CLT panels  |2 eng 
650 4 |a timber construction  |2 eng 
700 1 |a Kašiarová, Anežka  |u 010310  |k Z3  |4 ths  |U SvF Stavebná fakulta  |T SvF Katedra architektúry  |X 92909  |U V181|V310  |Y 19  |7 92909 
856 4 |u http://is.stuba.sk/zp/portal_zp.pl?podrobnosti=168140 
856 4 |u https://opac.crzp.sk/?fn=detailBiblioForm&sid=C9A1C75A261DD259FC84421E26A3  |z CRZP